000 01289nam a22003254a 4500
001 ebr10271629
003 CaPaEBR
006 m u
007 cr cn|||||||||
008 040601s2005 enka sb 001 0 eng
010 _z 2004012961
020 _z0195168275
040 _aCaPaEBR
_cCaPaEBR
035 _a(OCoLC)76942344
050 1 4 _aBF39.4
_b.H36 2005eb
082 0 4 _a150/.72/2
_222
245 0 0 _aHandbook of psychobiography
_h[electronic resource] /
_cedited by William Todd Schultz.
260 _aOxford ;
_aNew York :
_bOxford University Press,
_c2005.
300 _axi, 380 p. :
_bill.
504 _aIncludes bibliographical references and index.
533 _aElectronic reproduction.
_bPalo Alto, Calif. :
_cebrary,
_d2013.
_nAvailable via World Wide Web.
_nAccess may be limited to ebrary affiliated libraries.
650 0 _aPsychology
_xBiographical methods.
650 0 _aArtists
_xPsychology
_vCase studies.
650 0 _aPoliticians
_xPsychology
_vCase studies.
650 0 _aPsychologists
_xPsychology
_vCase studies.
655 7 _aElectronic books.
_2local
700 1 _aSchultz, William Todd.
710 2 _aebrary, Inc.
856 4 0 _uhttp://site.ebrary.com/lib/rucke/Doc?id=10271629
_zAn electronic book accessible through the World Wide Web; click to view
999 _c7487
_d7487